Spore : global warming :doing business in a time of clime change : special issue October 2015 (Record no. 76713)
[ view plain ]
| 000 -LEADER | |
|---|---|
| fixed length control field | 00893nam a2200169 a 4500 |
| 008 - FIXED-LENGTH DATA ELEMENTS--GENERAL INFORMATION | |
| fixed length control field | 220124s2015 xx |||||||||||||| || u |
| 050 ## - LIBRARY OF CONGRESS CALL NUMBER | |
| Classification number | CTA(05)SP/2015 |
| 110 ## - MAIN ENTRY--CORPORATE NAME | |
| Corporate name or jurisdiction name as entry element | Technical Centre for Agricultural and Rural Cooperation (CTA) |
| 245 10 - TITLE STATEMENT | |
| Title | Spore : global warming :doing business in a time of clime change : special issue October 2015 |
| Statement of responsibility, etc. | By Technical Centre for Agricultural and Rural Cooperation (CTA) |
| 260 ## - PUBLICATION, DISTRIBUTION, ETC. | |
| Place of publication, distribution, etc. | |
| Name of publisher, distributor, etc. | CTA |
| Date of publication, distribution, etc. | 2015 |
| 650 ## - SUBJECT ADDED ENTRY--TOPICAL TERM | |
| Topical term or geographic name entry element | CLIMATE CHANGE |
| 650 ## - SUBJECT ADDED ENTRY--TOPICAL TERM | |
| Topical term or geographic name entry element | AGRICULTURAL DEVELOPMENT PROGRAMMES |
| 650 #0 - SUBJECT ADDED ENTRY--TOPICAL TERM | |
| Topical term or geographic name entry element | GLOBAL WARMING |
| 650 ## - SUBJECT ADDED ENTRY--TOPICAL TERM | |
| Topical term or geographic name entry element | SUSTAINABLE AGRICULTURE--DEVELOPING COUNTRIES |
| 995 ## - | |
| -- | SPECIAL COLLECTIONS |
| -- | 4565 |
| -- | CBU-MAIN LIBRARY (Kitwe) |
| -- | CTA(05)SP/2015B |
| -- | 2 |
| -- | AVAILABLE |
| -- | Jan 25, 2022 |
| -- | B4565 |
| -- | International Publications |
| 995 ## - | |
| -- | SPECIAL COLLECTIONS |
| -- | 4564 |
| -- | CBU-MAIN LIBRARY (Kitwe) |
| -- | CTA(05)SP/2015A |
| -- | 1 |
| -- | AVAILABLE |
| -- | Jan 25, 2022 |
| -- | B4564 |
| -- | International Publications |
| 999 ## - | |
| -- | 76713 |
| -- | 76713 |
| Withdrawn status | Lost status | Source of classification or shelving scheme | Damaged status | Not for loan | Permanent Location | Current Location | Shelving location | Date acquired | Total Checkouts | Full call number | Barcode | Date last seen | Copy number | Price effective from | Koha item type |
|---|---|---|---|---|---|---|---|---|---|---|---|---|---|---|---|
| CBU-MAIN LIBRARY, KITWE. | CBU-MAIN LIBRARY, KITWE. | 04/25/2023 | CTA(05)SP/2015B | B4565 | 04/25/2023 | 1 | 04/25/2023 | SPECIAL COLLECTION | |||||||
| CBU-MAIN LIBRARY, KITWE. | CBU-MAIN LIBRARY, KITWE. | 04/25/2023 | CTA(05)SP/2015B | B4564 | 04/25/2023 | 2 | 04/25/2023 | SPECIAL COLLECTION |